Relaciones de polivalencia entre "El Primo" de J. Cardona y "El prima Basilio" de J. M. Eca de Queiroz y otros textos
Збережено в:
| Автор: | |
|---|---|
| Формат: | Книга |
| Мова: | Undetermined |
| Опубліковано: |
San José, Costa Rica
Escuela de Filología, Literatura y Lingüística,Universidad de Costa Rica
1981
|
| Предмети: | |
| Теги: |
Додати тег
Немає тегів, Будьте першим, хто поставить тег для цього запису!
|
MARC
| LEADER | 00000nam a2200000Ia 4500 | ||
|---|---|---|---|
| 008 | 170316s9999 xx 000 0 und d | ||
| 040 | |a cru BVZT | ||
| 090 | |a TESIS 69 | ||
| 100 | |a Molina Chanfreud, Salvador | ||
| 245 | |a Relaciones de polivalencia entre "El Primo" de J. Cardona y "El prima Basilio" de J. M. Eca de Queiroz y otros textos | ||
| 260 | |a San José, Costa Rica | ||
| 260 | |b Escuela de Filología, Literatura y Lingüística,Universidad de Costa Rica | ||
| 260 | |c 1981 | ||
| 300 | |a 222 páginas | ||
| 650 | |a LICENCIATURA EN LITERATURA | ||
| 650 | |a TRABAJO FINAL DE GRADUACIÓN | ||
| 999 | |c 14348 |d 14348 | ||
| 942 | |c TFG |h TESIS 69 |2 z | ||
